00599nam a2200217 a 4500001001300000003000900013005001700022008004100039020001100080082001700091100002100108245007700129260003300206300000900239500003500248505001700283650002900300650001600329650001500345700002100360nice12345678IN_TiNIC20260116013154.0050524s1995 newa grp 000 0 eng  ac105800a291.211bCAR aCarpenter, David aRevelation, History and the Dialogue of Religiionsb Study of Bhartrhari aNew YorkbOrbis Books c1995 a208p aincludes index and biblioraphy2 aBibliography aComparative Religion-God aBonaventure aBhartrhari1 aCarpenter, David